000 00340nam a2200145Ia 4500
001 R-2009
003 CODICE-MESSINA
005 20260212102525.0
008 260211s9999 xx 000 0 und d
040 _cimportazione_messina
100 _aOriana Fallaci
245 0 _aIntervista Con La Storia
260 _bRizzoli
942 _2ddc
_cBK
999 _c28517
_d28517